000 00423nam a2200145Ia 4500
008 220217s9999||||xx |||||||||||||| ||und||
020 _a0-07-047258-0
082 _a621.395 LEA
100 _aLeach, Donald P, Malvino, Albert paoul
_93607
245 0 _aDigital Principles and Applications
250 _a5th
260 _aTata mcgraw hill
_bNew Delhi
_c2002
300 _b210
650 _aDIGITAL DESIGN/LOGIC DESIGN
999 _c172261
_d172261